6-Letter Countries Quiz Stats

 Plays Quiz Updated Mar 3, 2017

     
Support Sporcle.
Go Orange.
Score 0/32 Timer 08:00
3 Plays Today
Country % Correct
Canada
87.8%
France
87.7%
Mexico
85.5%
Russia
84.7%
Sweden
82.8%
Norway
81.2%
Brazil
80.7%
Greece
76.9%
Turkey
73.1%
Poland
73.1%
Israel
70.9%
Latvia
66.5%
Jordan
65.6%
Panama
63.2%
Belize
60.4%
Serbia
59.9%
Country % Correct
Monaco
58.6%
(The) Gambia
57.8%
Rwanda
57.4%
Cyprus
57.3%
Zambia
56.9%
Angola
56.4%
Uganda
56.2%
Bhutan
56.2%
Guyana
55.3%
Guinea
54.5%
Kuwait
53.9%
Taiwan
53.8%
Kosovo
52%
Malawi
48.5%
Brunei
47.4%
Tuvalu
46.4%

From the Vault

This One Goes to 12

by ILoveSBSP

Next time we'll make it a baker's dozen.
Remove Ads.
Support Sporcle.
Get the best of Sporcle when you Go Orange. This ad-free experience offers more features, more stats, and more fun while also helping to support Sporcle. Thank you for becoming a member.

Show Comments

Extras

Top Quizzes Today


Score Distribution

Your Account Isn't Verified!

In order to create a playlist on Sporcle, you need to verify the email address you used during registration. Go to your Sporcle Settings to finish the process.

Report this User

Report this user for behavior that violates our Community Guidelines.

Details: